Statistieken voor treintypes NS

Klik hier om de quiz te nemen!

Algemene statistieken

  • Deze quiz is 27 keer genomen
  • De gemiddelde score is 10 van 15

Antwoordstatistieken

HintAntwoord% Correct
NS/ICDDZ
94%
NS/IC/HSLICNG
94%
NS/sprinterSNG
94%
NS/RnetFLIRT Rnet
88%
NS/ICICMm
88%
NS/sprinterNS FLIRT
88%
blauwnetFLIRT
81%
NS/sprinterSLT
81%
NS/ICVIRMm
69%
ArrivaGTW
63%
blauwnetGTW
63%
NS/IC/HSLICR
50%
blauwnetLINT
38%
ArrivaWINK
38%
NS/ICVIRM4
19%

Scoreverdeling

Percentiel versus Aantal Correcte Antwoorden

Procent van Mensen met Elke Score

Uw Scoregeschiedenis

U heeft deze quiz nog niet genomen